| 000 | 00862nam a22002297a 4500 | ||
|---|---|---|---|
| 005 | 20130724110634.0 | ||
| 008 | 130724b2011ck xxu||||| |||| 00| 0 spa d | ||
| 020 | _a9789587197471 | ||
| 041 | _aspa | ||
| 082 |
_a583 _bP25r |
||
| 100 |
_aParra A., César Augusto _9900 |
||
| 245 |
_aEl roble negro, patrimonio natural del Huila : _b¿Qué hacer para su conservación? / |
||
| 260 |
_aMedellín _bUniversidad Nacional de Colombia, sede Medellín. _c2011 |
||
| 300 |
_a37 p. _bil., _c16 cm. |
||
| 650 |
_aRecursos naturales no renovables _9901 |
||
| 650 |
_aPatrimonio natural _zHuila (Departamento, Colombia) _9902 |
||
| 650 |
_aRoble negro _zHuila (Departamento, Colombia) _9903 |
||
| 650 |
_aColombobalanus excelsa _zHuila (Departamento, Colombia) _9904 |
||
| 700 |
_aBotero F., Verónica _9905 |
||
| 700 |
_aDíez G., María Claudia _9906 |
||
| 942 |
_2ddc _cIMPRESO |
||
| 999 |
_c7441 _d7441 |
||